| 000 | 00443nam a22001457a 4500 | ||
|---|---|---|---|
| 999 |
_c7878 _d7878 |
||
| 003 | OSt | ||
| 005 | 20200528112645.0 | ||
| 008 | 200528b ||||| |||| 00| 0 eng d | ||
| 020 | _a9781616891114 | ||
| 082 |
_a724 _bWAL |
||
| 100 | _a Wallenstein, Sven-Olov; FORuM Project | ||
| 245 | _aBiopolitics and the emergence of modern architecture | ||
| 260 |
_aNew York _bPrinceton Architectural Press; Reprint edition _cNovember 28, 2012 |
||
| 942 | _2ddc | ||